| 000 -LEADER |
| fixed length control field |
00689nam a2200205Ia 4500 |
| 001 - CONTROL NUMBER |
| control field |
11091 |
| 003 - CONTROL NUMBER IDENTIFIER |
| control field |
GE_BSU |
| 008 - FIXED-LENGTH DATA ELEMENTS--GENERAL INFORMATION |
| fixed length control field |
181216s||||||||xx |||||||||||||| ||und|| |
| 040 ## - CATALOGING SOURCE |
| Transcribing agency |
GE_BSU |
| 080 ## - UNIVERSAL DECIMAL CLASSIFICATION NUMBER |
| Universal Decimal Classification number |
031 |
| 245 ## - TITLE STATEMENT |
| Title |
Советский энциклопедический словарь. |
| 245 ## - TITLE STATEMENT |
| Statement of responsibility, etc. |
Научно-редакционый совет:А.М.Прохоров, М.С. Гиояров, Е.М. Жуков и др. |
| 260 ## - PUBLICATION, DISTRIBUTION, ETC. |
| Place of publication, distribution, etc. |
Москва. |
| 260 ## - PUBLICATION, DISTRIBUTION, ETC. |
| Name of publisher, distributor, etc. |
Советская энциклопедия. |
| 260 ## - PUBLICATION, DISTRIBUTION, ETC. |
| Date of publication, distribution, etc. |
1980. |
| 300 ## - PHYSICAL DESCRIPTION |
| Extent |
1600стр.27см. |
| 300 ## - PHYSICAL DESCRIPTION |
| Accompanying material |
илл. |
| 653 ## - INDEX TERM--UNCONTROLLED |
| Uncontrolled term |
Советский энциклопедический словарь. |
| 942 ## - ADDED ENTRY ELEMENTS (KOHA) |
| Koha item type |
წიგნი |